000 00545nam a2200193Ia 4500
005 20250508154021.0
008 008 250505s9999 xx 000 0 eng d
037 _aTextual
040 _aFEDL
_beng
_cFEDL
041 _aeng
_2eng
084 _a507, DEV
_qFEDL
245 0 _aScience through community resources
245 0 _cDev Samaj College for Women
260 _aFerozepore
_bExtension Service Department
300 _a63p
490 _aScience education series
942 _cTEXL
_h507, DEV
999 _c1347063
_d1347063